| 000 | 01264cam a2200289 a 4500 | ||
|---|---|---|---|
| 001 | 16027813 | ||
| 005 | 20101213101819.0 | ||
| 008 | 091218s2010 ne a b 001 0 eng | ||
| 010 | _a 2009050354 | ||
| 020 | _a185617932X (pbk. : alk. paper) | ||
| 020 | _a9781856179324 (pbk. : alk. paper) | ||
| 035 | _a(OCoLC)ocn490807676 | ||
| 040 |
_aDLC _cDLC _dC#P _dYDXCP _dBWX _dCDX _dDLC |
||
| 050 | 0 | 0 |
_aTL671.6 _b.M36 2010 |
| 082 | 0 | 0 |
_a629.13431 _222 _bMEG |
| 100 | 1 |
_aMegson, T. H. G. _q(Thomas Henry Gordon) _922499 |
|
| 245 | 1 | 3 |
_aAn Introduction to Aircraft Structural Analysis / _cT.H.G. Megson |
| 260 |
_aAmsterdam ; _aBoston : _bButterworth-Heinemann/Elsevier, 2010 _c2010. |
||
| 300 |
_avii, 638 p. : _bill. ; _c24 cm. |
||
| 490 |
_922498 _aElsevier Aerospace Engineering Series |
||
| 504 | _aIncludes bibliographical references and index. | ||
| 650 | 0 |
_aAirframes. _922500 |
|
| 650 | 0 |
_aStructural analysis (Engineering) _922501 |
|
| 942 |
_2ddc _cBB |
||
| 999 |
_c14991 _d14991 |
||